| 000 | 00000nam 2200000zi 4500 |
| 001 | 9.940698 |
| 003 | CaOODSP |
| 005 | 20240719143152 |
| 006 | m o d f |
| 007 | cr |n||||||||| |
| 008 | 240717s2019 onca ob f100 0 eng d |
| 040 | |aCaOODSP|beng|erda|cCaOODSP |
| 043 | |an-cn--- |
| 086 | 1 |aR104-17/2019E-PDF |
| 111 | 2 |aNorthern housing forum |d(May 2018 : |cYellowknife, NT)|j author. |
| 245 | 10|aNorthern housing policy recommendations / |cprepared in partnership with Northern Housing Forum Participants, Stratos Inc. and Polar Knowledge Canada. |
| 264 | 1|a[Ottawa] : |bPolar Knowledge Canada, |c2019 |
| 300 | |a1 online resource (39 pages) : |bcolour illustrations |
| 336 | |atext|btxt|2rdacontent |
| 337 | |acomputer|bc|2rdamedia |
| 338 | |aonline resource|bcr|2rdacarrier |
| 500 | |a"May 2019". |
| 500 | |aCover title. |
| 500 | |aIssued also in French under title: Recommandations sur la politique sur le logement dans le Nord. |
| 504 | |aIncludes bibliographical references. |
| 650 | 0|aHousing policy|zCanada, Northern|vCongresses. |
| 650 | 0|aIndigenous peoples|xHousing|zCanada, Northern|vCongresses. |
| 710 | 2 |aPolar Knowledge Canada, |eissuing body. |
| 775 | 08|tRecommandations sur la politique sur le logement dans le Nord / |w(CaOODSP)9.940699 |
| 856 | 40|qPDF|s3.59 MB|uhttps://publications.gc.ca/collections/collection_2024/polaire-polar/R104-17-2019-eng.pdf |